Famous English People by Picture - Statistics

General Stats
  • This quiz has been taken 239 times
    227 since last reset
  • The average score is 11 of 16
Answer Stats
Picture Hint Answer % Correct
1564–1616 William Shakespeare
93%
1940–1980 John Lennon
87%
1642–1727 Isaac Newton
86%
1975– David Beckham
85%
1988– Adele
84%
1983–2011 Amy Winehouse
83%
1809–1882 Charles Darwin
80%
1968– Daniel Craig
79%
1899–1980 Alfred Hitchcock
69%
1972– Idris Elba
65%
1961– Ricky Gervais
60%
1812–1870 Charles Dickens
51%
1957– Daniel Day-Lewis
48%
1970– Naomi Campbell
45%
1903–1950 George Orwell
44%
1890–1976 Agatha Christie
43%
No matching quizzes found
Score Distribution
Percent of People with Each Score
Percentile by Number Answered
Your Score History
You have not taken this quiz since the last reset